MARC

LEADER 00000nam0a2200000 4500
001 115916
005 20231101215308.0
035 |a (RuTPU)RU\TPU\book\125416 
090 |a 115916 
100 |a 20070515d1980 k y0rusy50 ca 
101 0 |a rus 
102 |a RU 
105 |a a z 001zy 
200 1 |a Интенсивность подземной эксплуатации рудных месторождений  |e [монография]  |f М. Д. Фузган, Д. Р. Каплунов, В. И. Пазынич  |g Академия наук СССР, Институт проблем комплексного освоения недр 
210 |a Москва  |c Наука  |d 1980 
215 |a 142 с.  |c ил. 
320 |a Библиогр.: с. 137-140 
606 1 |a Рудные месторождения  |x Системы разработки подземные  |x Выбор  |2 stltpush  |3 (RuTPU)RU\TPU\subj\26003  |9 50026 
610 1 |a понятия 
610 1 |a определение 
610 1 |a эксплуатация 
610 1 |a интенсивность 
610 1 |a влияющие факторы 
610 1 |a оценка 
610 1 |a руда 
610 1 |a вмещающие породы 
610 1 |a обрушение 
610 1 |a выемка 
610 1 |a технологические варианты 
610 1 |a монографии 
675 |a 622.34:622.272  |v 4 
700 1 |a Фузган  |b М. Д.  |g Марк Давидович 
701 1 |a Каплунов  |b Д. Р.  |g Давид Родионович 
701 1 |a Пазынич  |b В. И.  |g Владимир Иванович 
712 0 2 |a Академия наук СССР  |b Институт проблем комплексного освоения недр  |c (Москва)  |2 stltpush  |3 (RuTPU)RU\TPU\col\13567  |9 25707 
801 1 |a RU  |b 63413507  |c 20070515  |g PSBO 
801 2 |a RU  |b 63413507  |c 20210416  |g PSBO 
942 |c BK